Online
Catalog

Demà serà un altre dia / (Record no. 3583)

MARC details
000 -CABECERA
campo de control de longitud fija 00637nam a2200205 a 4500
001 - NÚMERO DE CONTROL
campo de control 000003761
005 - FECHA Y HORA DE LA ÚLTIMA TRANSACCIÓN
campo de control 20200929150547.0
008 - DATOS DE LONGITUD FIJA--INFORMACIÓN GENERAL
campo de control de longitud fija 910918s1986 sp 000 1 cat d
020 ## - NÚMERO INTERNACIONAL ESTÁNDAR DEL LIBRO
Número Internacional Estándar del Libro 8474102855
040 ## - FUENTE DE LA CATALOGACIÓN
Centro catalogador/agencia de origen DO-SdBNP
Lengua de catalogación spa
Centro/agencia transcriptor BNPHU
082 ## - NÚMERO DE LA CLASIFICACIÓN DECIMAL DEWEY
Número de clasificación 849.954
Número de documento/Ítem M966d
100 1# - ENTRADA PRINCIPAL--NOMBRE DE PERSONA
Nombre de persona Munné-Jordà, A.,
Fechas asociadas al nombre 1948-
9 (RLIN) 11450
245 10 - MENCIÓN DE TÍTULO
Título Demà serà un altre dia /
Mención de responsabilidad, etc. A. Munne-Jorda.
260 ## - PUBLICACIÓN, DISTRIBUCIÓN, ETC.
Lugar de publicación, distribución, etc. Barcelona :
Nombre del editor, distribuidor, etc. Edicions de la Magrana,
Fecha de publicación, distribución, etc. 1986.
300 ## - DESCRIPCIÓN FÍSICA
Extensión 62 p. ;
Dimensiones 20 cm.
490 0# - MENCIÓN DE SERIE
Mención de serie Les Ales esteses ;
Designación de volumen o secuencia 36
650 #4 - PUNTO DE ACCESO ADICIONAL DE MATERIA--TÉRMINO DE MATERIA
Término de materia o nombre geográfico como elemento de entrada Literatura catalana
Subdivisión cronológica SIGLO XX.
9 (RLIN) 11451
650 #4 - PUNTO DE ACCESO ADICIONAL DE MATERIA--TÉRMINO DE MATERIA
Término de materia o nombre geográfico como elemento de entrada Novela catalana
Subdivisión cronológica SIGLO XX.
9 (RLIN) 11452
910 ## - DATOS DE OPCIÓN DEL USUARIO (OCLC)
Datos de opción del usuario Jornada de catalogación
Holdings
Estado de retiro Estado de pérdida Restricciones de uso No para préstamo Código de colección Localización permanente Ubicación/localización actual Ubicación en estantería Fecha de adquisición Número de inventario Total de préstamos Signatura topográfica completa Código de barras Fecha visto por última vez Precio válido a partir de Tipo de ítem Koha
    Préstamo interno   Monografías: Libros y Folletos General General En catalogación 13.07.2009 LF1   849.954 M966d 3761-10 25.06.2020 25.06.2020 Préstamo interno

Powered by Koha